Isurv (Record no. 102599)

MARC details
000 -LEADER
fixed length control field 03303cam a2200793 4500
008 - FIXED-LENGTH DATA ELEMENTS--GENERAL INFORMATION
fixed length control field 030113n2003 000 0 eng u
020 ## - INTERNATIONAL STANDARD BOOK NUMBER
International Standard Book Number 1842191268
-- 9781842191262
035 ## - SYSTEM CONTROL NUMBER
System control number (Sirsi) u120994
041 ## - LANGUAGE CODE
Language code of text/sound track or separate title eng
050 ## - LIBRARY OF CONGRESS CALL NUMBER
Classification number 347.4107
-- 18
110 ## - MAIN ENTRY--CORPORATE NAME
Corporate name or jurisdiction name as entry element Royal Institution of Chartered Surveyors
9 (RLIN) 4900
245 ## - TITLE STATEMENT
Title Isurv
Remainder of title disputes
Medium [multimedia]
260 ## - PUBLICATION, DISTRIBUTION, ETC.
Name of publisher, distributor, etc. RICS
Date of publication, distribution, etc. 2003-
490 ## - SERIES STATEMENT
Series statement RICS Isurv.co.uk Series
505 ## - FORMATTED CONTENTS NOTE
Formatted contents note Agricultural and rural
505 ## - FORMATTED CONTENTS NOTE
Formatted contents note Rent review
505 ## - FORMATTED CONTENTS NOTE
Formatted contents note Lease renewal
505 ## - FORMATTED CONTENTS NOTE
Formatted contents note Dilapidations
505 ## - FORMATTED CONTENTS NOTE
Formatted contents note Rating
505 ## - FORMATTED CONTENTS NOTE
Formatted contents note Construction: overview
505 ## - FORMATTED CONTENTS NOTE
Formatted contents note Construction: procurement
505 ## - FORMATTED CONTENTS NOTE
Formatted contents note Construction: contracts
505 ## - FORMATTED CONTENTS NOTE
Formatted contents note Construction: delay, prolongation and disruption
505 ## - FORMATTED CONTENTS NOTE
Formatted contents note Construction: defects
505 ## - FORMATTED CONTENTS NOTE
Formatted contents note Construction: dispute resolution
505 ## - FORMATTED CONTENTS NOTE
Formatted contents note Party walls
505 ## - FORMATTED CONTENTS NOTE
Formatted contents note Rights of light
505 ## - FORMATTED CONTENTS NOTE
Formatted contents note Boundary matters
505 ## - FORMATTED CONTENTS NOTE
Formatted contents note Planning
505 ## - FORMATTED CONTENTS NOTE
Formatted contents note Methods of dispute resolution
520 ## - SUMMARY, ETC.
Summary, etc. One of a series of online publications from RICS Books providing practical information and guidance on the management of disputes. Aims to assist chartered surveyors to: help clients avoid disputes and conflicts; advise clients on methods of dispute resolution; represent parties in negotiations of disputes; undertake expert witness or advocacy work and; act as arbitrators, adjudicators or mediators. A summary is provided for each topic before the legislative framework, key cases and legal issues, standards and regulatory framework, practical matters, forms and precedents and key issues are discussed in greater detail. Includes the text of relevant publications and links to other online resources.
520 ## - SUMMARY, ETC.
Summary, etc. Subscribers to the "Isurv: disputes" can access it at www.rbprofessional using the username and password issued to you. Other RICS members may use it via the public access terminals in the RICS Library - please ask Library Staff for details.
650 ## - SUBJECT ADDED ENTRY--TOPICAL TERM
Topical term or geographic name entry element RENT REVIEWS
650 ## - SUBJECT ADDED ENTRY--TOPICAL TERM
Topical term or geographic name entry element LEASE RENEWALS
650 ## - SUBJECT ADDED ENTRY--TOPICAL TERM
Topical term or geographic name entry element Dilapidations
9 (RLIN) 6235
650 ## - SUBJECT ADDED ENTRY--TOPICAL TERM
Topical term or geographic name entry element RATING
650 ## - SUBJECT ADDED ENTRY--TOPICAL TERM
Topical term or geographic name entry element Party walls
9 (RLIN) 6258
650 ## - SUBJECT ADDED ENTRY--TOPICAL TERM
Topical term or geographic name entry element Rights of light
9 (RLIN) 6267
650 ## - SUBJECT ADDED ENTRY--TOPICAL TERM
Topical term or geographic name entry element Boundary disputes
9 (RLIN) 6221
650 ## - SUBJECT ADDED ENTRY--TOPICAL TERM
Topical term or geographic name entry element ALTERNATIVE DISPUTE RESOLUTION
650 ## - SUBJECT ADDED ENTRY--TOPICAL TERM
Topical term or geographic name entry element MANAGEMENT-DISPUTE AVOIDANCE, MANAGEMENT AND RESOLUTION-DISPUTE MANAGEMENT AND RESOLUTION-ARBITRATION
650 ## - SUBJECT ADDED ENTRY--TOPICAL TERM
Topical term or geographic name entry element MEDIATION
650 ## - SUBJECT ADDED ENTRY--TOPICAL TERM
Topical term or geographic name entry element CONSTRUCTION DISPUTES
650 ## - SUBJECT ADDED ENTRY--TOPICAL TERM
Topical term or geographic name entry element AGRICULTURAL DISPUTES
650 ## - SUBJECT ADDED ENTRY--TOPICAL TERM
Topical term or geographic name entry element EXPERT WITNESSES
690 ## - LOCAL SUBJECT ADDED ENTRY--TOPICAL TERM (OCLC, RLIN)
Topical term or geographic name as entry element Dispute resolution
9 (RLIN) 6236
700 ## - ADDED ENTRY--PERSONAL NAME
Personal name Bradford, Katie
700 ## - ADDED ENTRY--PERSONAL NAME
Personal name Collins, Tony
700 ## - ADDED ENTRY--PERSONAL NAME
Personal name Curnow, Tony
700 ## - ADDED ENTRY--PERSONAL NAME
Personal name Dale, Geoffrey
700 ## - ADDED ENTRY--PERSONAL NAME
Personal name Francis, Andrew
700 ## - ADDED ENTRY--PERSONAL NAME
Personal name Harris, Lance
700 ## - ADDED ENTRY--PERSONAL NAME
Personal name Helps, Dominic
700 ## - ADDED ENTRY--PERSONAL NAME
Personal name Hunter, Jason
700 ## - ADDED ENTRY--PERSONAL NAME
Personal name Martin, Alastair
700 ## - ADDED ENTRY--PERSONAL NAME
Personal name Mills, Richard
700 ## - ADDED ENTRY--PERSONAL NAME
Personal name Philips, Antony
700 ## - ADDED ENTRY--PERSONAL NAME
Personal name Powell, David
700 ## - ADDED ENTRY--PERSONAL NAME
Personal name Richardson, David
700 ## - ADDED ENTRY--PERSONAL NAME
Personal name Salata, Anthony
700 ## - ADDED ENTRY--PERSONAL NAME
Personal name Scott, Stephen
700 ## - ADDED ENTRY--PERSONAL NAME
Personal name Tatlow, Mark
700 ## - ADDED ENTRY--PERSONAL NAME
Personal name Tutcher, Stephen
700 ## - ADDED ENTRY--PERSONAL NAME
Personal name Vassallo, Patricia
700 ## - ADDED ENTRY--PERSONAL NAME
Personal name Williams, Peter
700 ## - ADDED ENTRY--PERSONAL NAME
Personal name Wigley, Jenny
856 ## - ELECTRONIC LOCATION AND ACCESS
Uniform Resource Identifier <a href="https://www.rbprofessional.com">https://www.rbprofessional.com</a>
Public note Access "Isurv: disputes" using your username and password...
942 ## - ADDED ENTRY ELEMENTS (KOHA)
Suppress in OPAC 0
Holdings
Withdrawn status Lost status Source of classification or shelving scheme Damaged status Not for loan Home library Current library Shelving location Date acquired Total Checkouts Full call number Barcode Date last seen Copy number Price effective from Koha item type
    Dewey Decimal Classification     Virtual Virtual Online 26/11/2003   isurv 120994-2001 06/08/2019 1 06/08/2019 Online material